[Event "Tch-SLO League"]
[Site "Rogaska Slatina SLO"]
[Date "2009.12.11"]
[Round "1"]
[White "Kryvoruchko,Y"]
[Black "Sebenik,M"]
[Result "1-0"]
[WhiteElo "2602"]
[BlackElo "2490"]

1.e4 e6 2.d4 d5 3.Nd2 a6 4.Bd3 c5 5.dxc5 Nf6 6.Qe2 Bxc5 7.e5 Nfd7 8.Ngf3 Nc6
9.Nb3 Nb4 10.O-O Nxd3 11.Qxd3 b6 12.Re1 Qc7 13.Nbd4 Bb7 14.c3 Rc8 15.Bf4 h6
16.h4 Be7 17.Qe3 Nc5 18.h5 Qd7 19.Nh2 a5 20.Rad1 Ne4 21.Ng4 Ba6 22.f3 Ng5
23.a3 a4 24.Qf2 Bc4 25.Qg3 b5 26.Bc1 Qb7 27.Nf2 Kf8 28.Qg4 Re8 29.f4 Ne4
30.Nxe4 dxe4 31.f5 exf5 32.Nxf5 Rh7 33.Rxe4 Qb6+ 34.Be3 Qe6 35.Qf4 Kg8 36.Nd6 Rd8
37.Rd2 Bg5 38.Qg3 Bd5 39.Bxg5 hxg5 40.Red4 Ba8 41.Qxg5 Rf8 42.Ne4 Bxe4 43.Rxe4 f6
44.Qg6 Rh6 45.Rd6 Qa2 46.Qg3 Qxb2 47.Rd7 Qb1+ 48.Re1 Qh7 49.exf6 Rhxf6 50.Re5 Qb1+
51.Kh2 R6f7 52.Rxf7 Rxf7 53.Re8+ Kh7 54.Qb8  1-0

[Event "London Classic FIDE Open"]
[Site "London ENG"]
[Date "2009.12.12"]
[Round "6"]
[White "Sagues,V"]
[Black "Pedersen,Ca"]
[Result "1/2-1/2"]
[WhiteElo "1948"]
[BlackElo "2155"]

1.e4 e6 2.d4 d5 3.Nd2 Be7 4.Ngf3 c5 5.exd5 Qxd5 6.Bc4 Qd8 7.O-O cxd4 8.Nb3 Nc6
9.Nbxd4 Nxd4 10.Nxd4 a6 11.c3 Bf6 12.Re1 Ne7 13.Bf4 O-O 14.Nf3 b5 15.Bb3 Bb7
16.Qe2 Ng6 17.Bg3 Qb6 18.Ne5 Nxe5 19.Bxe5 Qc6 20.f3 Qc5+ 21.Qf2 Qxf2+  1/2-1/2

[Event "London Classic FIDE Open"]
[Site "London ENG"]
[Date "2009.12.12"]
[Round "6"]
[White "Rendle,T"]
[Black "Buckley,G"]
[Result "1/2-1/2"]
[WhiteElo "2382"]
[BlackElo "2388"]

1.e4 e6 2.d4 d5 3.Nd2 a6 4.Ngf3 c5 5.exd5 exd5 6.dxc5 Bxc5 7.Nb3 Be7 8.Nbd4 Nf6
9.h3 O-O 10.Bd3 Nc6 11.O-O Qb6 12.c3 Bd7 13.Qb3 Qxb3 14.axb3 Rfe8 15.Nxc6 Bxc6
16.Nd4 Bd7 17.b4 Ne4 18.Ra5 Nf6 19.Nb3 Bd8 20.Ra3 Bb6 21.Nc5 Bb5 22.Bxb5 axb5
23.Rxa8 Rxa8 24.Nxb7 Ne4 25.Be3 Bxe3 26.fxe3 Ra2 27.Rd1 Rxb2 28.Rxd5 h5 29.Rxh5 Nxc3
30.Rc5 Nd1 31.Rxb5 Nxe3 32.g4 Kh7 33.Nd6 Kg6 34.Re5 Nc2 35.b5 Nd4 36.Kf1 Kf6
37.Rc5 g6 38.Ne4+ Ke6 39.Ng5+  1/2-1/2

[Event "Bundesliga 2009-10"]
[Site "Hamburg GER"]
[Date "2009.12.13"]
[Round "6"]
[White "Heinemann,T"]
[Black "Fiebig,T"]
[Result "1/2-1/2"]
[WhiteElo "2484"]
[BlackElo "2416"]

1.e4 e6 2.d4 d5 3.Nd2 Be7 4.Bd3 c5 5.dxc5 Nf6 6.e5 Nfd7 7.f4 Nxc5 8.Nb3 Nxd3+
9.Qxd3 f6 10.exf6 Bxf6 11.Nf3 Nc6 12.c3 O-O 13.O-O Bd7 14.Nc5 b6 15.Nxd7 Qxd7
16.Be3 Rad8 17.Bd4 Qd6 18.Rae1 Nxd4 19.Nxd4 e5 20.fxe5 Bxe5 21.Rxf8+ Rxf8
22.Nf3 Bf6  1/2-1/2

[Event "London Classic FIDE Open"]
[Site "London ENG"]
[Date "2009.12.15"]
[Round "9"]
[White "Quillan,G"]
[Black "Gavriel,T"]
[Result "1-0"]
[WhiteElo "2394"]
[BlackElo "2153"]

1.e4 e6 2.d4 d5 3.Nd2 Be7 4.e5 Nh6 5.Nb3 Nf5 6.Bd3 h5 7.c3 b6 8.Ne2 Nh4 9.g3 Nf5
10.Nf4 g6 11.Qf3 c6 12.h3 Na6 13.a4 Nc7 14.a5 Ba6 15.Bxa6 Nxa6 16.O-O b5
17.Be3 Qd7 18.Rfc1 O-O-O 19.Nd2 Kb8 20.b3 Qe8 21.Nf1 Qd7 22.Bd2 Rh7 23.Ne3 Rdh8
24.Nxf5 gxf5 25.h4 Rg7 26.Kh2 Rg4 27.Nh3 b4 28.Bg5 Bf8 29.Nf4 Nc7 30.c4 Be7
31.Bxe7 Qxe7 32.Rc2 dxc4 33.bxc4 c5 34.a6 Kc8 35.Rd2 Kd8 36.d5 exd5 37.Nxd5 Qxe5
38.Nxc7+ Ke7 39.Re2 Rxh4+ 40.Kg2 Re4 41.Nd5+ Kf8 42.Rae1 Rh6 43.Rxe4 fxe4
44.Rxe4  1-0

[Event "London Classic FIDE Open"]
[Site "London ENG"]
[Date "2009.12.15"]
[Round "9"]
[White "Ferguson,M"]
[Black "Rendle,T"]
[Result "1/2-1/2"]
[WhiteElo "2410"]
[BlackElo "2382"]

1.e4 e6 2.d4 d5 3.Nd2 a6 4.Ngf3 Nf6 5.Bd3 c5 6.exd5 Qxd5 7.c4 Qd8 8.Nb3 cxd4
9.O-O Nc6 10.Re1 Bb4 11.Bd2 Bd6 12.Bg5 Qc7 13.h3 h6 14.Bxf6 gxf6 15.Be4 Bd7
16.Nbxd4 O-O-O 17.Nxc6 Bxc6 18.Qc2 f5 19.Bxc6 Qxc6 20.Rad1 Rdg8 21.Qd3 Bc5
22.a3 a5 23.Qc3 Rh7 24.b4 axb4 25.axb4 Bxb4 26.Qxb4 Qxf3 27.Qc5+ Qc6 28.Qxc6+ bxc6
29.f3 Rhg7 30.Re2 Kc7 31.c5 Ra8 32.Red2 f6 33.Rd6 Ra2 34.R6d2 Rxd2 35.Rxd2 Rd7
36.Re2 Kb7 37.Rb2+ Kc7 38.Ra2 Rd1+ 39.Kf2 Rb1 40.Ra8 Rb8 41.Ra7+ Rb7 42.Ra8 Kd7
43.Rh8 Rb2+ 44.Kf1 e5 45.Rxh6 Ke7 46.g4 f4 47.g5 fxg5 48.Rxc6 Rh2 49.Rh6 g4
50.fxg4 e4 51.g5 f3 52.Rf6 Rxh3 53.Rf4 Rh1+ 54.Kf2 Rh2+ 55.Kf1 Rh1+ 56.Kf2 Rh2+
57.Ke3 Re2+ 58.Kd4 Rg2 59.Rxe4+ Kd7 60.Rf4 f2  1/2-1/2

[Event "16th Open A"]
[Site "Zadar CRO"]
[Date "2009.12.15"]
[Round "4"]
[White "Zufic,M"]
[Black "Sedlak,N"]
[Result "0-1"]
[WhiteElo "2453"]
[BlackElo "2576"]

1.e4 e6 2.d4 d5 3.Nd2 a6 4.Ngf3 Nf6 5.Bd3 c5 6.c3 cxd4 7.Nxd4 Nc6 8.Nxc6 bxc6
9.Qe2 Qc7 10.e5 Nd7 11.f4 Nc5 12.Bc2 a5 13.O-O Ba6 14.c4 Be7 15.b3 O-O 16.Bb2 g6
17.Kh1 Rad8 18.Nf3 a4 19.Bc3 Rd7 20.Rad1 axb3 21.axb3 dxc4 22.bxc4 Rxd1 23.Rxd1 Ra8
24.Ra1 Qc8 25.Nd4 Bb7 26.Qd1 Ra6 27.h3 Bf8 28.Kh2 Qa8 29.h4 h5 30.Qb1 Rxa1
31.Qxa1 Ba6 32.g3 Qc8 33.Qa2 Nd7 34.Be4 Nb6 35.Bxc6 Bxc4 36.Qa7 Bc5 37.Qb7 Qd8
38.Nf3 Qd3 39.Qb8+ Kg7 40.Bd2 Qe2+ 41.Kh1 Nd5  0-1

[Event "9th Amplico Life Rapid"]
[Site "Warsaw POL"]
[Date "2009.12.20"]
[Round "11"]
[White "Rozentalis,E"]
[Black "Paehtz,E"]
[Result "1/2-1/2"]
[WhiteElo "2611"]
[BlackElo "2480"]

1.e4 e6 2.d4 d5 3.Nd2 Be7 4.Bd3 c5 5.dxc5 Nf6 6.Ngf3 dxe4 7.Nxe4 Nxe4 8.Bxe4 Qxd1+
9.Kxd1 Bxc5 10.Ke2 Nd7 11.a3 Nf6 12.Bd3 a5 13.Bd2 a4 14.b4 axb3 15.cxb3 Ke7
16.b4 Bd6 17.Bg5 Bd7 18.Nd2 h6 19.Bxf6+ gxf6 20.Rhc1 f5 21.g3 Be5 22.Ra2 Rhc8
23.Rxc8 Rxc8 24.b5 h5 25.a4 b6 26.a5 bxa5 27.Rxa5 Rb8 28.Nb3 Bc7 29.Ra7 Bb6
30.Ra6 Kf6 31.h4 Bc8 32.Ra4 Bb7 33.Nd2 Bd5 34.Bc4 Bb7 35.Bd3 Bd5 36.Nc4 Bxc4
37.Bxc4 Rd8 38.Bd3 Rd6 39.f3 Rd8 40.Ra6 Rb8 41.f4 Bd4 42.Rd6 Bc5 43.Rc6 Bd4
44.Bc4 Ra8 45.Ra6 Rb8 46.Ra3 Bb6 47.Ra6  1/2-1/2

[Event "Open A"]
[Site "Groningen NED"]
[Date "2009.12.21"]
[Round "1"]
[White "Van der Wiel,J"]
[Black "Van Herwaarden,A"]
[Result "1-0"]
[WhiteElo "2475"]
[BlackElo "2162"]

1.e4 e6 2.d4 d5 3.Nd2 Nc6 4.Ngf3 Nf6 5.e5 Nd7 6.Be2 f6 7.exf6 Qxf6 8.Nf1 Bd6
9.Ne3 O-O 10.O-O Qg6 11.b3 Nf6 12.Bb2 Ne4 13.g3 Bd7 14.c4 dxc4 15.bxc4 Qh6
16.Qd3 Ng5 17.Nxg5 Qxg5 18.c5 Be7 19.f4 Qf6 20.Bf3 Rfd8 21.Be4 h5 22.Qc4 Kh8
23.Rad1 Qf8 24.Bg6 Qf6 25.Bxh5 Qh6 26.Bf3 Rab8 27.d5 Na5 28.Qc3 b6 29.Ng4 Qh7
30.d6 cxd6 31.Be4 Qg8 32.cxd6 Rbc8 33.Qf3 Bxd6 34.Rxd6 Nc4 35.Qg2 Qf8 36.Qh3+ Kg8
37.Qh7+ Kf7 38.Ne5+ Ke8 39.Qh5+  1-0

[Event "Open A"]
[Site "Groningen NED"]
[Date "2009.12.23"]
[Round "3"]
[White "Rauw,G"]
[Black "Van Herwaarden,A"]
[Result "1-0"]
[WhiteElo "2070"]
[BlackElo "2162"]

1.e4 e6 2.d4 d5 3.Nd2 Nc6 4.Ngf3 Nf6 5.e5 Nd7 6.c3 f6 7.Bb5 Be7 8.exf6 Bxf6
9.O-O O-O 10.Re1 Re8 11.Bxc6 bxc6 12.Ne5 Bxe5 13.dxe5 Rf8 14.Qg4 Rf5 15.f4 c5
16.Nf3 Nf8 17.Be3 Qe7 18.Nh4 Rf7 19.Rad1 Rb8 20.b3 a5 21.Nf3 h6 22.Bf2 Bd7
23.Nd2 Rf5 24.Nf1 h5 25.Qf3 Ng6 26.g3 h4 27.Qg4 Be8 28.Ne3 Rf8 29.Ng2 hxg3
30.hxg3 a4 31.bxa4 Rb2 32.Ra1 Nh8 33.Nh4 c4 34.Be3 g6 35.a5 c5 36.a6 Kf7
37.Reb1 Rxb1+ 38.Rxb1 Bc6 39.Nf3 Re8 40.Rb6 Bd7 41.a7 Kg7 42.Qg5  1-0

[Event "Tata Steel TCh-Asia"]
[Site "Kolkata IND"]
[Date "2009.12.28"]
[Round "7"]
[White "Chua Zheng Yuan,T"]
[Black "Murshed,N"]
[Result "0-1"]
[WhiteElo "2256"]
[BlackElo "2409"]

1.e4 e6 2.d4 d5 3.Nd2 Nc6 4.Ngf3 Nf6 5.e5 Nd7 6.c3 f6 7.exf6 Qxf6 8.Bb5 Bd6
9.Nf1 O-O 10.Ne3 Ne7 11.O-O Ng6 12.Ng4 Qf5 13.h3 Nf4 14.Bxf4 Qxf4 15.Qc1 Qf5
16.Qe3 Nf6 17.Nge5 Ne4 18.Rae1 b6 19.Bd3 Bb7 20.Nd2 Bxe5 21.dxe5 Qf4 22.Nxe4 dxe4
23.Bxe4 Bxe4 24.Qxe4 Qxe4 25.Rxe4 Rad8 26.Rd4 c5 27.Rdd1 g5 28.g3 Kf7 29.Kg2 Ke7
30.Rfe1 h5 31.Rxd8 Rxd8 32.Kf3 Rd2 33.Re2 Rd1 34.Kg2 Kf7 35.f3 Kg6 36.Kf2 Rh1
37.Kg2 Rd1 38.b3 b5 39.Kf2 Rh1 40.Kg2 Rc1 41.g4 Rxc3 42.Kf2 Rd3 43.Rc2 Rd5
44.Re2 a6 45.a4 hxg4 46.hxg4 Kf7 47.axb5 axb5 48.Kg3 Ke7 49.Re3 Rd4 50.Rc3 c4
51.bxc4 Rxc4 52.Rd3 b4 53.Kf2 Rc5 54.Rb3 Rb5 55.f4 gxf4 56.Kf3 Kf7 57.Kxf4 Kg6
58.g5 Rb8 59.Kg4 Rb6 60.Kf4 Rb5 61.Kg4 Rxe5 62.Rxb4 Rxg5+ 63.Kf4 Ra5 64.Ke4 Kf6
65.Rb8 Ra4+ 66.Ke3 Kf5 67.Rb5+ e5 68.Rb8 Ra3+ 69.Ke2 Kf4 70.Rb4+ e4 71.Rb2 Rh3
72.Rb8 Rh2+ 73.Ke1 Kf3 74.Re8 Ke3 75.Kf1 Rh1+ 76.Kg2 Rd1 77.Re7 Re1 78.Ra7 Rc1
79.Ra3+ Ke2 80.Ra2+ Kd3 81.Ra8 e3 82.Rd8+ Ke2 83.Rd7 Rc8 84.Re7 Rg8+ 85.Kh2 Kf2
86.Rf7+ Ke1 87.Ra7 e2 88.Rd7 Rg5  0-1

[Event "39th Rilton Cup"]
[Site "Stockholm SWE"]
[Date "2009.12.28"]
[Round "2"]
[White "Logdahl,H"]
[Black "Vaarala,E"]
[Result "0-1"]
[WhiteElo "2214"]
[BlackElo "2032"]

1.e4 e6 2.d4 d5 3.Nd2 Be7 4.Bd3 c5 5.dxc5 Nf6 6.Qe2 Nc6 7.Ngf3 O-O 8.O-O a5
9.a4 Nb4 10.e5 Nd7 11.Nb3 Nxd3 12.cxd3 Nxc5 13.Nxc5 Bxc5 14.d4 Be7 15.Bf4 b6
16.Rfc1 Ba6 17.Qe3 Qd7 18.Bg5 Rfc8 19.Bxe7 Qxe7 20.h4 Qd7 21.h5 h6 22.g4 Rxc1+
23.Rxc1 Rc8 24.Rxc8+ Qxc8 25.g5 Qf8 26.Nh2 hxg5 27.Qxg5 Be2 28.f3 Kh7 29.Qe3 Ba6
30.Ng4 Qe7 31.h6 f5 32.exf6 gxf6 33.Qf4 f5 34.Ne5 Qf8 35.Qg5 Qxh6 36.Qe7+ Qg7+
37.Qxg7+ Kxg7 38.Nd7 Kf7 39.Kf2 Ke7 40.Ne5 Bc4 41.b4 axb4 42.Nc6+ Kd6 43.Nxb4 Bb3
44.f4 Bxa4 45.Kg3 Bd7 46.Kh4 b5 47.Kg5 Kc7 48.Kf6 Kb6 49.Ke7 Ka5 50.Nd3 Bc8
51.Kd8 Ba6 52.Kd7 b4 53.Nb2 b3 54.Kxe6 Kb4 55.Kxd5 Be2 56.Kc6 Kc3 57.d5 Bf3
58.Kc5 Kxb2 59.d6 Kc1 60.d7 b2 61.d8=Q b1=Q 62.Qg5 Qc2+ 63.Kd6 Qc6+ 64.Ke7 Qc7+
65.Kf8 Qd6+ 66.Kg7 Bg4 67.Kh8 Kd2 68.Qg7 Ke3 69.Qc3+ Kxf4 70.Qc1+ Ke5 71.Qe3+ Kf6
72.Qe8 Bf3 73.Qc8 Qh2+  0-1

[Event "Open A"]
[Site "Groningen NED"]
[Date "2009.12.29"]
[Round "8"]
[White "Ten Vergert,P"]
[Black "Van Herwaarden,A"]
[Result "1/2-1/2"]
[WhiteElo "2071"]
[BlackElo "2162"]

1.e4 e6 2.d4 d5 3.Nd2 Nc6 4.Ngf3 Nf6 5.e5 Nd7 6.c3 f6 7.Bb5 fxe5 8.dxe5 Bc5
9.Nb3 O-O 10.O-O Bb6 11.Re1 Qe8 12.Bxc6 bxc6 13.Nbd4 c5 14.Ne2  1/2-1/2

[Event "Pan-American Intercollegiate"]
[Site "South Padre Island USA"]
[Date "2009.12.29"]
[Round "5"]
[White "Ortiz,Na"]
[Black "Zhou,H"]
[Result "1-0"]
[WhiteElo "2211"]
[BlackElo "2131"]

1.e4 e6 2.d4 d5 3.Nd2 Nc6 4.Ngf3 Nf6 5.e5 Nd7 6.Be2 f6 7.exf6 Qxf6 8.Nf1 Bd6
9.Ne3 O-O 10.O-O Qg6 11.b3 Nf6 12.c4 Bd7 13.Bb2 Rad8 14.Ne5 Qh6 15.g3 Be8
16.N3g4 Nxg4 17.Nxg4 Qg6 18.Bd3 Qh5 19.c5 Be7 20.Re1 Qf7 21.f4 b6 22.cxb6 axb6
23.Rc1 Bd6 24.Rxc6 Bxc6 25.Qc2 Be8 26.Bxh7+ Kh8 27.Bd3 Qh5 28.Ne5 Rf6 29.Qg2 Rh6
30.Nf3 Rf6 31.g4 Qf7 32.g5 Rxf4 33.g6 Qf6 34.Qh3+ Kg8 35.Rxe6 Rh4 36.Nxh4 Bd7
37.Rxf6 Bxh3 38.Rf7 Re8 39.Kf2 Be6 40.Bf5 Bxh2 41.Ba3  1-0

[Event "11th Christmas Open"]
[Site "Litomysl CZE"]
[Date "2009.12.30"]
[Round "6"]
[White "Pecha,T"]
[Black "Stupak,K"]
[Result "0-1"]
[WhiteElo "2236"]
[BlackElo "2456"]

1.e4 e6 2.d4 d5 3.Nd2 Nc6 4.Ngf3 Nf6 5.e5 Nd7 6.Be2 f6 7.exf6 Qxf6 8.Nf1 Bd6
9.Ne3 Nb6 10.O-O h5 11.c4 Be7 12.Ne5 Nxe5 13.dxe5 Qf7 14.Qc2 d4 15.Bd3 Qf8
16.Nd1 c5 17.Be4 Kd8 18.f4 Kc7 19.Nf2 Bd7 20.Bd2 Rc8 21.Nd3 Kb8 22.Ba5 Bc6
23.Bxc6 Rxc6 24.Bxb6 Rxb6 25.Qe2 Qf5 26.b3 Rc6 27.Rf3 Rcc8 28.Re1 Rcf8 29.Qe4 g6
30.Qxf5 gxf5 31.Re2 Rhg8 32.Kf1 Kc7 33.Rc2 a6 34.Rff2 Rb8 35.Ke2 Kd7 36.Kd1 Rbc8
37.Kc1 Bd8 38.a3 Be7 39.Ra2 Rb8 40.Rab2 Rgc8 41.Rfc2 Rc6 42.Kb1 Rbc8 43.Ka1 Bd8
44.Ka2 b5 45.a4 Be7 46.Kb1 Rb6 47.Ka2 Kc6 48.Ka3 Kb7 49.Ka2 Rbc6 50.Rb1 Ra8
51.Rbc1 Kb6 52.Ka3 Rg8 53.Rb1 Rcc8 54.Rbb2 Rg4 55.Rf2 Rcg8 56.Rbc2 Rc8 57.Rb2 Ka7
58.Rbc2 Rg7 59.Ka2 Rgg8 60.Rc1 bxa4 61.bxa4 Bd8 62.Rb1 Ba5 63.Rfb2 Rg7 64.Rf2 Bc3
65.Rc1 Kb6 66.Rb1+ Kc6 67.Rc1 Rcg8 68.Rg1 Rg4 69.Re2 Rh4 70.Rh1 Rg3 71.hxg3 Rxh1
72.Kb3 Rb1+ 73.Kc2 Rb8 74.Rf2 Rg8 75.Rf3 Kb6 76.Kb3 Bd2 77.Kc2 Be3 78.Kb3 Kc6
79.Kc2 h4 80.Kb3 hxg3  0-1

[Event "18th Donau Open"]
[Site "Aschach AUT"]
[Date "2009.12.31"]
[Round "7"]
[White "Faibisovich,V"]
[Black "Liepold,S"]
[Result "1-0"]
[WhiteElo "2414"]
[BlackElo "2226"]

1.e4 e6 2.d4 d5 3.Nd2 a6 4.Bd3 c5 5.dxc5 Bxc5 6.Ngf3 Nc6 7.O-O Nge7 8.a3 O-O
9.Qe2 Ba7 10.Nb3 Ng6 11.Rd1 dxe4 12.Bxe4 Qc7 13.Be3 f5 14.Bxc6 Bxe3 15.Qxe3 Qxc6
16.Nbd4 Qc5 17.Re1 Rf6 18.Rad1 Bd7 19.Nxf5 Qxf5 20.Rxd7 Raf8 21.Nd4 Qxf2+
22.Qxf2 Rxf2 23.Nxe6 R8f7 24.Rd8+ Nf8 25.Ng5 R7f5 26.g4  1-0

[Event "Meister Open"]
[Site "Basel SUI"]
[Date "2010.01.03"]
[Round "5"]
[White "Milosevic,Go"]
[Black "Curien,N"]
[Result "1/2-1/2"]
[WhiteElo "2380"]
[BlackElo "2240"]

1.e4 e6 2.d4 d5 3.Nd2 Nc6 4.Ngf3 Nf6 5.e5 Nd7 6.c3 f6 7.exf6 Qxf6 8.Bb5 Bd6
9.O-O O-O 10.Nb3 a6 11.Bxc6 bxc6 12.Na5 e5 13.Nxc6 e4 14.Nfe5 Bxe5 15.Nxe5 Nxe5
16.dxe5 Qxe5 17.Qd4 Qxd4 18.cxd4 Rb8 19.b3 Rf6 20.Ba3 Bd7 21.Rfc1 Rc6 22.Rxc6 Bxc6
23.Rc1 Rb6 24.f3 Kf7 25.Kf2 a5 26.fxe4 dxe4 27.d5 Bxd5 28.Rxc7+ Kg6 29.Rc5 e3+
30.Kxe3 Bxb3 31.Rxa5 Bxa2  1/2-1/2

[Event "39th Rilton Cup"]
[Site "Stockholm SWE"]
[Date "2010.01.03"]
[Round "7"]
[White "Handke,F"]
[Black "Richter,Mic"]
[Result "1-0"]
[WhiteElo "2513"]
[BlackElo "2412"]

1.e4 e6 2.d4 d5 3.Nd2 a6 4.Ngf3 Nf6 5.e5 Nfd7 6.Bd3 c5 7.c3 Nc6 8.O-O g5
9.dxc5 Bxc5 10.Nb3 Be7 11.Re1 g4 12.Nfd4 Ncxe5 13.Bh6 Bd6 14.Bf1 Qf6 15.Qd2 Rg8
16.c4 Rg6 17.Be3 Kf8 18.cxd5 exd5 19.Qa5 Nc4 20.Bxc4 dxc4 21.Nd2 b6 22.Qd5 Rb8
23.Ne4 Qe5 24.Qxd6+ Rxd6 25.Nxd6 Qxd6 26.Nf5 Qe6 27.Bh6+ Qxh6 28.Nxh6 Nf6
29.Re5 Be6 30.Rd1 b5 31.g3 a5 32.Rd6 a4 33.Nxf7 Bxf7 34.Rxf6 b4 35.Re3 Kg7
36.Rf4 h5 37.Re7 c3 38.Rfxf7+ Kg6 39.Rg7+ Kf6 40.bxc3 b3 41.axb3  1-0

[Event "Scheveningen"]
[Site "Turin ITA"]
[Date "2010.01.03"]
[Round "1"]
[White "Pepino,E"]
[Black "Naumkin,I"]
[Result "1/2-1/2"]
[WhiteElo "2167"]
[BlackElo "2484"]

1.e4 e6 2.d4 d5 3.Nd2 Nc6 4.Ngf3 Nf6 5.e5 Nd7 6.Bd3 f6 7.Ng5 Ndxe5 8.dxe5 fxg5
9.Qh5+ Kd7 10.Nf3 g6 11.Qxg5 Qxg5 12.Bxg5 Bg7 13.Bf4 Nb4 14.O-O Nxd3 15.cxd3 a5
16.Rac1 h6 17.d4 b6 18.Rc2 Ba6 19.Rfc1 Rac8 20.Ne1 Bf8 21.Bd2 g5 22.h3 Be7
23.Be3 h5 24.g3 c6 25.Kg2 g4 26.h4 Rc7 27.Kg1 Rhc8 28.Bd2 a4 29.b4 axb3 30.axb3 c5
31.dxc5 bxc5 32.Ra2 Bb7 33.Bg5 Bxg5 34.hxg5 c4 35.bxc4 dxc4 36.Nc2 Ke7 37.Ra7 Be4
38.Rxc7+ Rxc7 39.Kf1 Rc5 40.Ne3 Rxe5 41.Ke1 Bd3 42.Kd2 Rc5 43.Kc3 Rxg5 44.Nxc4 Bxc4
45.Kxc4 Rd5 46.Rc2 Kf6 47.Re2 Kf5 48.Kc3 e5 49.Re3 e4 50.Kc2 Rd6 51.Ra3 Kg5
52.Ra5+ Kg6 53.Kc3 Rd3+ 54.Kc4 Rd6 55.Kc3 Rf6 56.Kd4 Rxf2 57.Kxe4 Rf6 58.Ra8 Kg5
59.Ra5+ Kh6 60.Ra8 Kg6  1/2-1/2

[Event "22nd Open"]
[Site "Staufer GER"]
[Date "2010.01.04"]
[Round "6"]
[White "Namyslo,H"]
[Black "Scheeff,V"]
[Result "1/2-1/2"]
[WhiteElo "2317"]
[BlackElo "2155"]

1.e4 e6 2.d4 d5 3.Nd2 Be7 4.Bd3 c5 5.dxc5 Nf6 6.exd5 exd5 7.Ngf3 Nc6 8.Nb3 O-O
9.O-O Bg4 10.Re1 Qc7 11.c3 Rad8 12.Bg5 h6 13.Bh4 Ne4 14.Bxe7 Nxe7 15.Qe2 f5
16.c4 Ng6 17.cxd5 Nf4 18.Qe3 Nxd3 19.Qxd3 Nxc5 20.Qc4 Bxf3 21.gxf3 Ne6 22.Rac1 Qxc4
23.Rxc4 Ng5 24.Kg2 Rxd5 25.Rc7 Rf7 26.Re8+ Kh7 27.Rxf7 Nxf7 28.Re7 Nd8 29.Kf1 Kg6
30.Ke2 Kf6  1/2-1/2

[Event "15th Open"]
[Site "Bosnjaci CRO"]
[Date "2010.01.05"]
[Round "4"]
[White "Hamzic,Ad"]
[Black "Pandurevic,M"]
[Result "0-1"]
[WhiteElo "1841"]
[BlackElo "2314"]

1.e4 e6 2.d4 d5 3.Nd2 Nc6 4.Ngf3 Nf6 5.exd5 exd5 6.c3 Bd6 7.Be2 O-O 8.O-O Re8
9.Nb3 Ne4 10.h3 Ne7 11.Bd3 Ng6 12.Qc2 Qf6 13.Bxe4 dxe4 14.Nh2 Nh4 15.Qe2 Qg6
16.g4 f5 17.Kh1 fxg4 18.Rg1 Bxh2 19.Kxh2 Nf3+  0-1

[Event "22nd Open"]
[Site "Staufer GER"]
[Date "2010.01.05"]
[Round "8"]
[White "Gheng,J"]
[Black "Riedel,Ho"]
[Result "1-0"]
[WhiteElo "2333"]
[BlackElo "2177"]

1.e4 e6 2.d4 d5 3.Nd2 Be7 4.Ngf3 Nf6 5.Bd3 c5 6.exd5 exd5 7.dxc5 O-O 8.O-O Bxc5
9.Nb3 Bb6 10.h3 Nc6 11.c3 Re8 12.Bf4 Ne4 13.Nbd4 Qf6 14.Be3 Bc7 15.Re1 h6
16.Qc2 a6 17.Rad1 Bd7 18.Nxc6 Bxc6 19.Bd4 Qf4 20.Qc1 Qd6 21.Bxg7 Nxf2 22.Be5 Rxe5
23.Nxe5 Bb6 24.Kf1 Nxh3 25.gxh3 Qf6+ 26.Kg2 Qf2+ 27.Kh1 d4+ 28.Be4 Bxe4+
29.Rxe4 dxc3 30.Rg4+ Kh7 31.Rf1 Qd2 32.Qxc3  1-0

[Event "15th Open"]
[Site "Bosnjaci CRO"]
[Date "2010.01.07"]
[Round "7"]
[White "Jefic,S"]
[Black "Pandurevic,M"]
[Result "0-1"]
[WhiteElo "2095"]
[BlackElo "2314"]

1.e4 e6 2.d4 d5 3.Nd2 Nc6 4.Ngf3 Nf6 5.e5 Nd7 6.Bb5 a6 7.Bxc6 bxc6 8.Nb3 c5
9.dxc5 Nxc5 10.O-O a5 11.Re1 a4 12.Nbd4 Qd7 13.Bg5 Ne4 14.Bh4 a3 15.bxa3 Bxa3
16.c4 O-O 17.cxd5 exd5 18.Qc2 c5 19.Nb3 Bb4 20.Re3 c4 21.Nbd4 Bc5 22.Re2 Qa7
23.Nb5 Qa5 24.Nd6 Nxd6 25.exd6 Bxd6 26.Rd1 h6 27.Ne5 Qc5 28.Qd2 Be6 29.Nf3 c3
30.Qd3 Ra4 31.Bg3 Bxg3 32.hxg3 Bg4 33.Rc2 d4 34.Qe2 Bf5 35.Rcc1 d3 36.Rxd3 Bxd3
37.Qxd3 Rxa2  0-1

[Event "XXXV Open"]
[Site "Seville ESP"]
[Date "2010.01.10"]
[Round "3"]
[White "Torres Ventosa,P"]
[Black "Razmyslov,A"]
[Result "0-1"]
[WhiteElo "2148"]
[BlackElo "2431"]

1.e4 e6 2.d4 d5 3.Nd2 Nc6 4.Ngf3 Nf6 5.e5 Nd7 6.Nb3 f6 7.Bb5 a5 8.a4 fxe5
9.dxe5 Qe7 10.O-O h6 11.Bxc6 bxc6 12.Bd2 c5 13.Nxa5 Nb6 14.Re1 Qf7 15.b3 Bd7
16.Qe2 Be7 17.Qe3 Ra7 18.c4 O-O 19.cxd5 Nxd5 20.Qe4 Rfa8 21.Nc4 Bc6 22.Qg4 Kh8
23.Rac1 Rb8 24.Na5 Be8 25.Re2 Nb4 26.Nc4 Nd5 27.Na5 Ra6 28.Ne1 Nb4 29.Nc4 Nc6
30.Rc3 Nd4 31.Ree3 Qf5 32.Qxf5 exf5 33.Nf3 Bf7 34.a5 Bd5 35.h3 Rd8 36.Bc1 Bxf3
37.Rxf3 Nxf3+ 38.gxf3 Rd1+ 39.Kh2 Rg6 40.Ne3 Rdg1 41.f4 Bh4 42.Rc2 Bxf2 43.Rxf2 Rxc1
44.Nxf5 Ra1 45.Ne7 Ra6 46.Rd2 R1xa5 47.Rd8+ Kh7 48.f5 Ra8 49.Rd7 c4 50.bxc4 Rxe5
51.Kg3 Re4 52.Rxc7 Ra3+ 53.Kf2 Rd4 54.Nd5 Kg8 55.Rc8+ Kf7 56.Rc7+ Ke8 57.Rc8+ Kd7
58.Nb6+ Ke7 59.Nd5+ Kd6 60.Rd8+ Ke5 61.Re8+ Kxf5 62.Ne3+ Kg5 63.c5 Rc3 64.Re5+ Kf4
65.Rd5 Ra4 66.Ng2+ Ke4 67.Rd7 Ra2+ 68.Kf1 Rf3+ 69.Kg1 Rg3  0-1

[Event "Open"]
[Site "Prague CZE"]
[Date "2010.01.11"]
[Round "4"]
[White "Kulhanek,T"]
[Black "Rolle,E"]
[Result "1/2-1/2"]
[WhiteElo "2441"]
[BlackElo "2292"]

1.e4 e6 2.d4 d5 3.Nd2 Be7 4.Ngf3 dxe4 5.Nxe4 Nd7 6.Bd3 Ngf6 7.O-O O-O 8.Nxf6+ Nxf6
9.Ne5 c5 10.dxc5 Qd5 11.Qe2 Nd7 12.Nxd7 Qxd7 13.Be3 Qc7 14.b4 e5 15.Bc4 b6
16.Bd5 Bb7 17.cxb6 axb6 18.Bxb7 Qxb7 19.Qb5 Rfc8 20.c4 Qc6 21.Qxc6 Rxc6 22.a3 f5
23.f3 Kf7 24.Rfc1 Ke6 25.Kf1 Rac8 26.Re1 Kd7 27.Rad1+ Kc7 28.Bf4 Bf6 29.Bxe5+ Bxe5
30.Rxe5 Rxc4 31.Rxf5 Ra8 32.b5 Rxa3 33.Rf7+ Kc8 34.Rxg7 Rb3 35.Rxh7 Rxb5
36.Re1 Rc7 37.Rxc7+ Kxc7 38.Kf2 Rh5 39.h3 Kd6 40.f4 Rh7 41.Kf3 b5 42.f5 b4
43.Kf4 b3 44.Rb1 Rb7 45.Kg5 Rg7+ 46.Kf6 Rg3 47.h4 Kd5 48.h5 Kc4 49.h6 Rxg2
50.Rh1 b2 51.h7 Rh2 52.Rxh2 b1=Q 53.h8=Q Qb6+ 54.Kf7 Qc7+ 55.Kg8 Qb8+ 56.Kg7 Qc7+
57.Kf6 Qd6+ 58.Kf7 Qc7+  1/2-1/2

[Event "ch-POL"]
[Site "Warsaw POL"]
[Date "2010.01.11"]
[Round "3"]
[White "Mista,A"]
[Black "Piorun,K"]
[Result "1/2-1/2"]
[WhiteElo "2563"]
[BlackElo "2489"]

1.e4 e6 2.d4 d5 3.Nd2 Be7 4.Bd3 c5 5.dxc5 Nf6 6.Qe2 O-O 7.Ngf3 a5 8.e5 Nfd7
9.Nb3 a4 10.Nbd4 Nxc5 11.h4 h6 12.Rh3 Nc6 13.Bxh6 gxh6 14.Rg3+ Kh8 15.Qe3 Nxd3+
16.Kd2 Bg5 17.hxg5 Nc5 18.Rh1 Ne4+ 19.Kd1 Kg7 20.Rg4 h5 21.Rxh5 Rh8 22.Rxh8 Qxh8
23.Rh4 Qg8 24.Nxc6 bxc6 25.Nd2 Qd8 26.f3 Nxd2 27.Kxd2 Qa5+ 28.c3 Qa7 29.Qf4 Qf2+
30.Kd1 Qg1+ 31.Kd2 Qxg2+ 32.Kd1 Qg1+ 33.Kd2 Kg8 34.g6 Qf2+  1/2-1/2

[Event "8th Parsvnath Open"]
[Site "New Delhi IND"]
[Date "2010.01.15"]
[Round "3"]
[White "Prasenjit,Dat"]
[Black "Grover,S"]
[Result "1/2-1/2"]
[WhiteElo "2278"]
[BlackElo "2448"]

1.e4 e6 2.d4 d5 3.Nd2 Nc6 4.c3 e5 5.dxe5 dxe4 6.Qa4 Qd5 7.Qxe4 Qxe5 8.Bb5 Qxe4+
9.Nxe4 Bf5 10.Ng3 Bg6 11.Nf3 Bd6 12.O-O Ne7 13.Nh4 Bc2 14.Re1 O-O-O 15.Be3 h6
16.Bxc6 bxc6 17.Bd4 f6 18.Ne4 Bxe4 19.Rxe4 c5 20.Be3 g5 21.Nf3 Nd5 22.Bd2 f5
23.Re6 Rde8 24.Rxe8+ Rxe8 25.Re1 Rd8 26.g3 Nf6 27.Bc1 Ne4 28.Kg2 Rf8  1/2-1/2

[Event "46th ch-CUB"]
[Site "Ciego de Avila CUB"]
[Date "2010.01.16"]
[Round "4"]
[White "Gomez Garrido,C"]
[Black "Bruzon Batista,L"]
[Result "1/2-1/2"]
[WhiteElo "2461"]
[BlackElo "2619"]

1.e4 e6 2.d4 d5 3.Nd2 Be7 4.Ngf3 Nf6 5.Bd3 c5 6.dxc5 dxe4 7.Nxe4 Nxe4 8.Bxe4 Qxd1+
9.Kxd1 Bxc5 10.Ke2 Nd7 11.Be3 Ke7 12.Rhd1 Bxe3 13.Kxe3 Nf6 14.Ne5 Nxe4 15.Kxe4 f6
16.Nd3 b6 17.c4 Bb7+ 18.Ke3 Rac8 19.b3 Rhd8 20.Rac1 e5 21.f3 Rd4 22.Nf2 Rxd1
23.Rxd1 f5 24.Nd3 Kf6 25.Nb4 Ke6 26.a4 g5 27.Nd5 h6 28.Nc3 a6 29.Rd2 h5  1/2-1/2

[Event "IMB2"]
[Site "Marianske Lazne CZE"]
[Date "2010.01.16"]
[Round "1"]
[White "Geske,J"]
[Black "Natsidis,C"]
[Result "1/2-1/2"]
[WhiteElo "2276"]
[BlackElo "2304"]

1.e4 e6 2.d4 d5 3.Nd2 Be7 4.Bd3 c5 5.dxc5 Nf6 6.Qe2 O-O 7.Ngf3 a5 8.O-O Na6
9.e5 Nd7 10.c4 Ndxc5 11.Bb1 Nb4 12.cxd5 Nxd5 13.Ne4 Nxe4 14.Qxe4 g6 15.Bh6 Re8
16.Rd1 Qb6 17.Qe2 Bd7 18.Ng5 Bc6 19.Be4  1/2-1/2

[Event "IMB3"]
[Site "Marianske Lazne CZE"]
[Date "2010.01.17"]
[Round "2"]
[White "Sadzikowski,D"]
[Black "Gorbatov,A"]
[Result "1/2-1/2"]
[WhiteElo "2287"]
[BlackElo "2377"]

1.e4 e6 2.d4 d5 3.Nd2 a6 4.Bd3 c5 5.exd5 exd5 6.Qe2+ Be6 7.dxc5 Bxc5 8.Nb3 Bb6
9.Nf3 Nf6 10.Nbd4 Qe7 11.O-O Nc6 12.Nxe6 fxe6 13.Bf4 O-O 14.c3 Rae8 15.Rae1 Nd7
16.Bg5 Qd6 17.c4 Bc7 18.g3 Nde5 19.Nxe5 Nxe5 20.Bf4 Rxf4 21.gxf4 Nxd3 22.Qxd3 Qxf4
23.Qh3 dxc4 24.Qg3 Qf7 25.Qg4 e5 26.Re4 b5 27.Kh1 Rf8 28.a4 g6 29.Qe2 Qd5
30.Rd1 Qc6 31.f3 Rf5 32.Qd2 Rf7 33.axb5 axb5 34.Qd5 Qb6 35.Kg2 Kg7 36.Rg4 h5
37.Re4 Qf6 38.Rf1 Qb6 39.Rd1 Qf6 40.Rf1 Qb6 41.Rd1  1/2-1/2